000 00837nam a22002177a 4500
005 20240530110538.0
008 160504s2013 ua a g 000 0 ara d
017 _a2013/23260
_bمصر . دار الكتب المصرية
020 _a9789774486852
040 _aEG-CaGPL
082 0 4 _221
_a962.081
_bق/ا ز
100 0 _aالسيد يسين .
245 1 2 _aالزمن الثورى 25 يناير - 30 يونيو :
_bتحليل للموجات المتدفقة /
_cالسيد يسين .
250 _aط1.
260 _aالقاهرة :
_bالهيئة المصرية العامة للكتاب ،
_c2013 .
300 _a308 ص؛
_c22 سم .
651 0 4 _aمصر
_xتاريخ
_yثورة 25 يناير .
651 0 4 _aمصر
_xتاريخ
_yثورة 30 يونيو .
942 _2ddc
_cBK
999 _c62209
_d62209